La segunda guerra fría : (Registro nro. 14376)

Detalles MARC
000 -LIDER
fixed length control field 01089nam a2200301 a 4500
001 - NÚMERO DE CONTROL
Identificador de número de control 000029165
003 - IDENTIFICACDOR DE NÚMERO DE CONTROL
control field DO-SdBNP
005 - DATE AND TIME OF LATEST TRANSACTION
control field 20230315130956.0
008 - ELEMENTOS DE LONGITUD FIJA
fixed length control field 110413s1999 dr 000 0 spa d
040 ## - FUENTE DE CATALOGACIÓN
Agencia que crea de manera original el registro DO-SdBNP
Idioma de catalogación spa
Agencia que realiza la transcripción BPMSU
082 #4 - NÚMERO DE CLASIFICACIÓN DECIMAL DE DEWEY
Classification number 327.172
Item number V422s 1999
Edition number 22
100 1# - ASIENTO PRINCIPAL -- NOMBRE PERSONAL
Nombre personal Vega, Bernardo,
Fechas asociadas con el nombre 1938 -
245 10 - MENCIÓN DE TITULO
Título La segunda guerra fría :
Subtítulo la ley y el orden en las relaciones de los Estados Unidos con El Caribe /
Mención de responsabilidad Vega, Bernardo ; presentación Rubén Silié.
250 ## - MENCIÓN DE EDICION
Campo enlazado y núm. de secuencia
260 ## - PUBLICACIÓN, DISTRIBUCIÓN, ETC. (PIE DE IMPRENTA)
Lugar de publicación, distribución, etc Santo Domingo :
Nombre del editor, distribuidor, etc. Flasco,
Fecha de publicación, distribución, etc 1999.
Nombre del editor, distribuidor, etc.
300 ## - DESCRIPCIÓN FÍSICA
Extensión 24 p. ;
Dimensiones 21 cm.
490 0# - MENCIÓN DE SERIES
Mención de serie Conferencias ;
500 ## - NOTA GENERAL
Nota general
500 ## - NOTA GENERAL
Nota general Incluye datos biografícos del autor en la contracubierta
590 ## - NOTA LOCAL
Enlace Inventariado, 2023/VM
650 #4 - ENCABEZAMIENTO DE MATERIA--TEMÁTICO
Término temático o nombre geográfico como elemento de entrada
651 #4 - ENCABEZAMIENTO DE MATERIA--NOMBRE GEOGRÁFICO
Nombre geográfico Estados Unidos
Subdivisión temática general Relaciones exteriores
Subdivisión geográfica Caribe (Region)
700 1# - ASIENTO SECUNDARIO -- NOMBRE PERSONAL
Nombre personal Silié, Rubén
Fechas asociadas con el nombre 1946-
710 2# - ASIENTO SECUNDARIO -- NOMBRE CORPORATIVO
Nombre corporativo o de jurisdicción Facultad Latinoamericana de Ciencias Sociales (República Dominicana)
710 2# - ASIENTO SECUNDARIO -- NOMBRE CORPORATIVO
Nombre corporativo o de jurisdicción Secretaría de Estado de Relaciones Exteriores (República Dominicana)
910 ## - VALIDACIÓN
Validación VMateo V. Control de calidad (BPMSU)
942 ## - ADDED ENTRY ELEMENTS (KOHA)
Source of classification or shelving scheme Dewey Decimal Classification
Koha item type Libros
Existencias
Withdrawn status Lost status Source of classification or shelving scheme Damaged status Not for loan Collection code Home library Current library Date acquired Total Checkouts Full call number Barcode Date last seen Price effective from Koha item type Copy number
    Dewey Decimal Classification     Colección Dominicana Biblioteca Pública Metropolitana Salomé Ureña Biblioteca Pública Metropolitana Salomé Ureña 03/15/2023   BPMSU CD 327.172 V422s 1999 BPMSU23030021 03/15/2023 03/15/2023 Libros  
    Dewey Decimal Classification     Colección Dominicana Biblioteca Pública Metropolitana Salomé Ureña Biblioteca Pública Metropolitana Salomé Ureña 03/15/2023   BPMSU CD 327.172 V422s 1999 BPMSU23030022 03/15/2023 03/15/2023 Libros e.2
    Dewey Decimal Classification     Colección Dominicana Biblioteca Pública Metropolitana Salomé Ureña Biblioteca Pública Metropolitana Salomé Ureña 03/15/2023   BPMSU CD 327.172 V422s 1999 BPMSU23030023 03/15/2023 03/15/2023 Libros e.3